Η εκπαιδευτική πολιτική της Ευρωπαϊκής Κοινότητας : μιά παρουσίαση με βάση τα επίσημα κείμενα της Κοινότητας

Αποθηκεύτηκε σε:
Λεπτομέρειες βιβλιογραφικής εγγραφής
Κύριος συγγραφέας: Ζήγος, Σταύρος Γ.
Μορφή: Βιβλίο
Γλώσσα:Greek
Δημοσίευση: Αθήνα : Εκδόσεις "Δίπτυχο", 1988.
Σειρά:Σύγχρονη παιδαγωγική και σύγχρονη εκπαίδευση
Θέματα:
Ετικέτες: Προσθήκη ετικέτας
Δεν υπάρχουν, Καταχωρήστε ετικέτα πρώτοι!

MARC

LEADER 00000cam a2200000 i 4500
001 1/6302
008 000612s1988 gr | ||| |||| ||gre||
035 |l 10061885 
040 |a GR-MyUa  |b gre  |e AACR2 
041 0 |a gre 
082 7 |a 371.90094   |2 (22) 
100 1 |a Ζήγος, Σταύρος Γ. 
245 1 2 |a Η εκπαιδευτική πολιτική της Ευρωπαϊκής Κοινότητας :   |b μιά παρουσίαση με βάση τα επίσημα κείμενα της Κοινότητας /   |c Σταύρου Γρ. Ζηγού. 
260 |a Αθήνα :   |b Εκδόσεις "Δίπτυχο",   |c 1988. 
300 |a 96 σ. ;   |c 21 εκ. 
490 1 |a (Σύγχρονη παιδαγωγική και σύγχρονη εκπαίδευση) 
500 |a Επίμετρο : Η διαμόρφωση της εθνικής εκπ. πολιτικής - Μερικές επισημάνσεις πάνω στα εθνικά μας πράγματα. 
610 2 0 |a European Economic Community. 
650 0 |a Education and state  |z Greece. 
650 0 |a Education and state  |z European Economic Community Countries. 
830 0 |a Σύγχρονη παιδαγωγική και σύγχρονη εκπαίδευση 
852 |a INST  |b RHODES  |e 20000928  |h 371.90094 ΖΗΓ  |p 005400010500  |q 005400010500  |t BK  |y 0 
852 |a INST  |b RHODES  |e 20000612  |h 371.90094 ΖΗΓ  |p 005400010501  |q 005400010501  |t BK  |y 0 
901 |a BIBL4-2000-2 
922 |a 4ΔΩΡ  |b 199106  |c ΔΩΡΕΑ 
970 |z 2000/06/ΔΕΜΕΝΑΓΑΣ (ELIDOC)